000 00983nam a22002055i 4500
001 163729
003 ES-MaACL
005 20251118191310.0
008 001003s1856 sp |||| | spa d
100 1 _aRodríguez, José María
_c(auditor de guerra)
_9171548
245 1 0 _aCargos que pesan sobre el general don Jaime Ortega y que resultan de los procesos criminales de que conoce el Tribunal Supremo de Guerra y Marina, a instancia del auditor de Guerra José María Rodríguez.
260 _aMadrid :
_b[s.n.],
_c1856 (
_fImp. de Luis García)
300 _a32 p. ;
_c22 cm.
530 _aDisponible en formato digital.
600 1 4 _aOrtega, Jaime,
_d1816-1860
_9171549
710 1 _aEspaña.
_bTribunal Supremo de Guerra y Marina.
_9138861
852 4 _aES-MaACL
_jT-18-F-3
_z- Enc. hol.
_z- Enc. en un vol. facticio
856 4 _uhttps://hermes.bbtk.ull.es/pandora/cgi-bin/Pandora.exe?id=0000001586
_zPatrimonio Bibliográfico Lacunense
999 _c163729
_d163729